Public finance : (Record no. 22137)
[ view plain ]
| 000 -LEADER | |
|---|---|
| fixed length control field | 01048cam a22003135a 4500 |
| 001 - CONTROL NUMBER | |
| control field | 17729102 |
| 005 - DATE AND TIME OF LATEST TRANSACTION | |
| control field | 20170131105957.0 |
| 008 - FIXED-LENGTH DATA ELEMENTS--GENERAL INFORMATION | |
| fixed length control field | 130508r20152014ii a frbd 001 0 eng d |
| 010 ## - LIBRARY OF CONGRESS CONTROL NUMBER | |
| LC control number | 2013939864 |
| 020 ## - INTERNATIONAL STANDARD BOOK NUMBER | |
| International Standard Book Number | 8131529428 |
| 020 ## - INTERNATIONAL STANDARD BOOK NUMBER | |
| International Standard Book Number | 9788131529423 |
| 040 ## - CATALOGING SOURCE | |
| Original cataloging agency | DLC |
| Language of cataloging | eng |
| Transcribing agency | DLC |
| Modifying agency | EG-ScBUE |
| 042 ## - AUTHENTICATION CODE | |
| Authentication code | pcc |
| 082 04 - DEWEY DECIMAL CLASSIFICATION NUMBER | |
| Edition number | 22 |
| Classification number | 336 |
| Item number | HYM |
| 100 1# - MAIN ENTRY--PERSONAL NAME | |
| 9 (RLIN) | 7388 |
| Personal name | Hyman, David N. |
| 245 10 - TITLE STATEMENT | |
| Title | Public finance : |
| Remainder of title | a contemporary application of theory to policy / |
| Statement of responsibility, etc | David N. Hyman. |
| 250 ## - EDITION STATEMENT | |
| Edition statement | 11th ed. |
| 260 ## - PUBLICATION, DISTRIBUTION, ETC. (IMPRINT) | |
| Place of publication, distribution, etc | New Delhi : |
| Name of publisher, distributor, etc | Cengae learning India Private Limited, |
| Date of publication, distribution, etc | 2015. |
| 300 ## - PHYSICAL DESCRIPTION | |
| Extent | xvi, 698 p. : |
| Other physical details | ill. ; |
| Dimensions | 27 cm. |
| 500 ## - GENERAL NOTE | |
| General note | Glossary : p. 667-674. |
| 500 ## - GENERAL NOTE | |
| General note | Indexes : p. 675-698. |
| 504 ## - BIBLIOGRAPHY, ETC. NOTE | |
| Bibliography, etc | Includes bibliographical references. |
| 650 #7 - SUBJECT ADDED ENTRY--TOPICAL TERM | |
| Topical term or geographic name as entry element | Finance, Public. |
| Source of heading or term | BUEsh |
| 9 (RLIN) | 7389 |
| 650 #7 - SUBJECT ADDED ENTRY--TOPICAL TERM | |
| Topical term or geographic name as entry element | Fiscal policy. |
| Source of heading or term | BUEsh |
| 9 (RLIN) | 7390 |
| 651 ## - SUBJECT ADDED ENTRY--GEOGRAPHIC NAME | |
| Source of heading or term | BUEsh |
| 653 ## - INDEX TERM--UNCONTROLLED | |
| Resource For college | BAEPS, Business Administration |
| Arrived date list | August 2016 |
| 856 41 - ELECTRONIC LOCATION AND ACCESS | |
| Materials specified | Table of contents only |
| Uniform Resource Identifier | <a href="http://www.loc.gov/catdir/enhancements/fy1409/2013939864-t.html">http://www.loc.gov/catdir/enhancements/fy1409/2013939864-t.html</a> |
| 942 ## - ADDED ENTRY ELEMENTS (KOHA) | |
| Source of classification or shelving scheme | Dewey Decimal Classification |
| Edition | 22 |
| Call number prefix | 336 HYM |
| Withdrawn status | Item status | Source of classification or shelving scheme | Damaged status | Not for loan | Vendor | Home library | Current library | Shelving location | Date acquired | Source of acquisition | Cost, normal purchase price | Serial Enumeration / chronology | Total Checkouts | Total Renewals | Full call number | Barcode | Date last seen | Date last borrowed | Cost, replacement price | Koha item type | Checked out |
|---|---|---|---|---|---|---|---|---|---|---|---|---|---|---|---|---|---|---|---|---|---|
| Dewey Decimal Classification | Baccah | Central Library | Central Library | First floor | 08/08/2016 | Purchase | 181.00 | 25846 | 7 | 19 | 336 HYM | 000033140 | 15/07/2025 | 28/06/2021 | 226.25 | Book - Borrowing | |||||
| Dewey Decimal Classification | Baccah | Central Library | Central Library | First floor | 08/08/2016 | Purchase | 181.00 | 25846 | 5 | 28 | 336 HYM | 000033114 | 02/02/2026 | 02/02/2026 | 226.25 | Book - Borrowing | 23/05/2026 |